000 00488cam a22001337a 4500
008 180718b1968 xxu||||| |||| 00| 0 eng d
082 _aXA35x5421 In2
100 _aTrivedi, Harshad R.
245 _aAllotment of P.W.D. quarters to panchayat staff in Rampur district: a case study
_cby Harshad R. Trivedi
260 _aNew Delhi
_bIndian Institute of Public Administration
_c1968
300 _a20p.
650 _aHousing - India - U.P.
700 _aIndian Institute of Public Administration
999 _c475668
_d475668